MARC details
| 000 -CABECERA |
| campo de control de longitud fija |
02884nam a2200325 a 4500 |
| 001 - NÚMERO DE CONTROL |
| campo de control |
BRCA_2452 |
| 005 - FECHA Y HORA DE LA ÚLTIMA TRANSACCIÓN |
| campo de control |
20190320203822.0 |
| 008 - DATOS DE LONGITUD FIJA--INFORMACIÓN GENERAL |
| campo de control de longitud fija |
181108s1819----sp-a---###---#000-0dspa-u |
| 041 ## - CÓDIGO DE LENGUA |
| Código de lengua del texto/banda sonora o título independiente |
spa |
| 044 ## - CÓDIGO DEL PAÍS DE LA ENTIDAD EDITORA/PRODUCTORA |
| Código MARC del país |
sp |
| 084 ## - OTRO NÚMERO DE CLASIFICACIÓN |
| Número de clasificación |
092 |
| Número de documento/Ítem |
.R43 |
| -- |
1819 |
| 100 1# - ENTRADA PRINCIPAL--NOMBRE DE PERSONA |
| Nombre de persona |
Cervantes Saavedra, Miguel de |
| Fechas asociadas al nombre |
1547-1616 |
| 9 (RLIN) |
213 |
| 245 10 - MENCIÓN DE TÍTULO |
| Título |
El Ingenioso Hidalgo D. Quijote de la Mancha |
| Mención de responsabilidad, etc. |
compuesto por Miguel de Cervantes Saavedra. |
| 260 ## - PUBLICACIÓN, DISTRIBUCIÓN, ETC. |
| Lugar de publicación, distribución, etc. |
Madrid |
| Nombre del editor, distribuidor, etc. |
Imprenta Real |
| Fecha de publicación, distribución, etc. |
1819 |
| 300 ## - DESCRIPCIÓN FÍSICA |
| Extensión |
5 v. |
| Otras características físicas |
il. |
| Dimensiones |
19 cm. |
| Material acompañante/anejo |
1 mapa plegable |
| 500 ## - NOTA GENERAL |
| Nota general |
Contenido : v 1. Primera parte. Prólogo de la Academia. Juicio crítico. Análisis y plan cronológico del Quijote por Vicente de los Ríos. Principios de la edición príncipe. Dedicatoria del autor. Prólogo del autor. Versos preliminares. Notas y observaciones. Mapa de una parte de España trazado por Tomás López. Texto. -- v 2. Notas y observaciones. Texto. -- v 3. Segunda parte. Principios de la edición príncipe. Dedicatoria del autor. Prólogo del autor. Notas y observaciones. Texto. -- v 4. Notas y observaciones. Texto. -- v 5. Vida de Miguel de Cervantes S. escrita e ilustrada, con varias noticias y documentos por Martín Fernández de Navarrete |
| 500 ## - NOTA GENERAL |
| Nota general |
Edición : Cuarta edición corregida por la Real Academia Española |
| 500 ## - NOTA GENERAL |
| Nota general |
Cuarta edición de la Academia Española. No es mera reproducción de anteriores. Difiere de ellas en el plan que ha seguido para la corrección del texto en las notas y en la vida del autor. Si en la edición de 1780, la Academia siguió el texto de la segunda de Cuesta (1605), por creerla la primera, para la presente tomó como modelo la de 1608 del mismo editor, por seguir la conjetura de Pellicer de que Cervantes corrigió el texto de esta última. Acertó la Academia en escribir el sonido velar por medio de j, y no de la x, como hasta entonces. Pero siguió omitiendo el escudo de la edición príncipe, así como igualando los títulos de ambas partes. Con todo, por los materiales tipográficos empleados y por la parte literaria, especialmente la primera erudita vida de Cervantes escrita por M. Fernández de Navarrete, merece esta edición ocupar un lugar sobresaliente entre las clásicas. Ejemplar bastante bien conservado. Encuadernado en piel; las lomeras adornadas con filetes y florones dorados Lúdovik Osterc |
| 500 ## - NOTA GENERAL |
| Nota general |
QM74 |
| 650 14 - PUNTO DE ACCESO ADICIONAL DE MATERIA--TÉRMINO DE MATERIA |
| Término de materia o nombre geográfico como elemento de entrada |
Novela española |
| Subdivisión cronológica |
Época clásica, 1500-1700 |
| 9 (RLIN) |
215 |
| 650 14 - PUNTO DE ACCESO ADICIONAL DE MATERIA--TÉRMINO DE MATERIA |
| Término de materia o nombre geográfico como elemento de entrada |
Literatura española |
| Subdivisión cronológica |
Época clásica, 1500-1700 |
| 9 (RLIN) |
216 |
| 650 14 - PUNTO DE ACCESO ADICIONAL DE MATERIA--TÉRMINO DE MATERIA |
| Término de materia o nombre geográfico como elemento de entrada |
Novela española |
| Subdivisión cronológica |
Siglo XVII |
| 9 (RLIN) |
217 |
| 650 14 - PUNTO DE ACCESO ADICIONAL DE MATERIA--TÉRMINO DE MATERIA |
| Término de materia o nombre geográfico como elemento de entrada |
Don Quijote (Personaje ficticio) |
| Término indicativo de función/relación |
Novela |
| 9 (RLIN) |
218 |
| 700 1# - PUNTO DE ACCESO ADICIONAL--NOMBRE DE PERSONA |
| Nombre de persona |
Ríos, Vicente de los |
| Fechas asociadas al nombre |
1732-1779 |
| Término indicativo de función/relación |
Biógrafo |
| 9 (RLIN) |
7151 |
| 700 1# - PUNTO DE ACCESO ADICIONAL--NOMBRE DE PERSONA |
| Nombre de persona |
Fernández de Navarrete, Martín |
| Fechas asociadas al nombre |
1765-1844 |
| Término indicativo de función/relación |
Biógrafo |
| 9 (RLIN) |
7152 |
| 700 1# - PUNTO DE ACCESO ADICIONAL--NOMBRE DE PERSONA |
| Nombre de persona |
López, Tomás |
| Fechas asociadas al nombre |
1730-1802 |
| Término indicativo de función/relación |
Ilustrador |
| 9 (RLIN) |
7153 |
| 740 0# - PUNTO DE ACCESO ADICIONAL--TÍTULO RELACIONADO O ANALÍTICO NO CONTROLADO |
| Título relacionado o analítico no controlado |
El Ingenioso Hidalgo Don Quijote de la Mancha |
| 902 ## - CATALOGADOR |
| Iniciales |
QFM |
| 942 ## - ELEMENTOS DE PUNTO DE ACCESO ADICIONAL (KOHA) |
| Fuente del sistema de clasificación o colocación |
Library of Congress Classification |
| Tipo de ítem Koha |
Libros |